Ο πολιτικός χάρτης της μεταπολίτευσης 1974-2004
Saved in:
| Main Author: | |
|---|---|
| Other Authors: | , , |
| Format: | Book |
| Language: | Greek |
| Published: |
Αθήνα :
Λιβάνης,
2004.
|
| Series: | Πολιτική (Εκδοτικός Οργανισμός Λιβάνη)
|
| Subjects: | |
| Tags: |
Add Tag
No Tags, Be the first to tag this record!
|
MARC
| LEADER | 00000cam a2200000 i 4500 | ||
|---|---|---|---|
| 001 | 1/87896 | ||
| 008 | 051021s2004 gr | ||| |||| ||gre|| | ||
| 020 | |a 9601408517 | ||
| 035 | |l 10080938 | ||
| 040 | |a GR-MY-UA |b gre |e aacr | ||
| 041 | 0 | |a gre | |
| 082 | 7 | |a 324.9495 |2 (22) | |
| 100 | 1 | |a Τζιοβάρας, Γρηγόρης, |d 1961- | |
| 245 | 1 | 2 | |a Ο πολιτικός χάρτης της μεταπολίτευσης 1974-2004 / |c Γρηγόρης Τζιοβάρας, Βασίλης Χιώτης ; προλογίζουν Απόστολος Κακλαμάνης, Ντόρα Μπακογιάννη. |
| 260 | |a Αθήνα : |b Λιβάνης, |c 2004. | ||
| 300 | |a 723 σ. : |b εικ., πίν. ; |c 28 εκ. | ||
| 490 | 1 | |a Πολιτική (Εκδοτικός Οργανισμός Λιβάνη) | |
| 500 | |a Χορηγία Δήμος Αθηνών. | ||
| 610 | 2 | 0 | |a European Parliament |x Directories. |
| 650 | 0 | 0 | |a Legislators |z Greece |x Biography. |
| 650 | 0 | 0 | |a Political parties. |
| 651 | 0 | |a Greece |x Politics and government |y 21st century. | |
| 700 | 1 | |a Χιώτης, Βασίλης, |d 1965- | |
| 700 | 1 | |a Κακλαμάνης, Απόστολος Χ. |e aui | |
| 700 | 1 | |a Μπακογιάννη, Ντόρα, |d 1954- |e aui | |
| 830 | 0 | |a Πολιτική (Εκδοτικός Οργανισμός Λιβάνη) | |
| 852 | |a INST |b LESVOS |e 20051021 |h 324.9495 ΤΖΙ |p 005100032864 |q 005100032864 |t BK |y 0 | ||
| 901 | |a BIBL1-2005-3 | ||
| 909 | |a Λ |b 124384 | ||
| 922 | |a 1ΕΛΗ |b 200510 |c Παράρτημα Λέσβου |d Χατζηδανιήλ | ||
| 970 | |a ΚΑΡΑ |b ΓΙΑΣΕΜΗ |z 2005/10/21 | ||